Statistiques concernant Les Pokémon d'Alola (7G) [FR]

Cliquez ici pour prendre le quiz!

Statistiques générales

  • Ce quiz a été pris 509 fois
    (249 depuis la dernière actualisation)
  • Le résultat moyen est 52 sur 88

Statistiques - réponses

Nom% Correct
722Brindibou
95%
725Flamiaou
95%
728Otaquin
93%
724Archéduc
92%
727Félinferno
92%
730Oratoria
91%
726Matoufeu
89%
723Efflèche
88%
791Solgaleo
88%
792Lunala
87%
729Otarlette
86%
733Bazoucan
78%
731Picassaut
75%
800Necrozma
72%
732Piclairon
70%
734Manglouton
68%
794Mouscoto
68%
735Argouste
67%
793Zéroïd
67%
789Cosmog
66%
745Lougaroc
66%
788Tokopisco
66%
787Tokotoro
66%
795Cancrelove
65%
744Rocabot
65%
786Tokopiyon
65%
785Tokorico
65%
790Cosmovum
64%
799Engloutyran
64%
798Katagami
64%
738Lucanon
63%
778Mimiqui
63%
797Bamboiselle
61%
776Boumata
61%
796Câblifère
61%
737Chrysapile
60%
754Floramantis
60%
777Togedemaru
58%
805Ama-Ama
57%
746Froussardine
57%
736Larvibule
57%
758Malamandre
57%
763Sucreine
57%
757Tritox
57%
753Mimantis
56%
762Candine
55%
749Tiboudet
55%
750Bourrinos
54%
780Draïeul
53%
783Ecaïd
53%
801Magearna
53%
807Zeraora
53%
782Bébécaille
52%
761Croquine
52%
784Ekaïser
52%
765Gouroutan
52%
760Chelours
51%
779Denticrisse
51%
806Pierroteknik
51%
739Crabagarre
50%
741Plumeline
50%
772Type:0
50%
802Marshadow
49%
809Melmetal
48%
808Meltan
48%
759Nounourson
48%
803Vémini
48%
747Vorastérie
48%
770Trépassable
47%
740Crabominable
46%
773Silvallié
46%
804Mandrillon
45%
748Prédastérie
45%
766Quartermac
45%
767Sovkipou
45%
769Bacabouh
44%
751Araqua
43%
742Bombydou
43%
752Tarenbulle
43%
775Dodoala
42%
743Rubombelle
42%
764Guérilande
41%
768Sarmuraï
41%
774Météno
39%
781Sinistrail
39%
756Lampignon
37%
755Spododo
35%
771Concombaffe
34%

Distribution des résultats

Percentile par nombre de réponses

% des personnes avec chaque résultat

Votre développement - résultats

Vous n’avez pas pris ce quiz depuis la dernière actualisation